00354nam a2200121Ia 4500008004100000041000800041082001700049100004500066245003100111250000900142260007300151300000800224231229s2007 xx 000 0 und d aeng a658.151bANT aANTHONY (Robert N.)/ GOVINDRAJAN (Vijay) aManagement Control Systems a12th aNew DelhibTata McGraw-Hil Publication Company Limited . Delhic2007 a851